Light aerobics and stress reduction program:3-in-1 workout for total fitness [

Bibliographic Details
Main Author: Fonda, Jane
Format: Book
Published: s.l : Warner Bos : 19-
Series:Jane Fonda :workout
Subjects:

MARC

LEADER 00000cam a2200000 7i4500
001 0000002228
002 000002428
005 20000330.0
020 |a 000002428 
090 0 0 |a 613   |b 715 
100 1 |a Fonda, Jane 
245 1 0 |a Light aerobics and stress reduction program:3-in-1 workout for total fitness [  |h videorecording]   |c JaneFonda 
260 |a s.l :   |b Warner Bos :   |b 19- 
300 |a 1 videocassette VHS(55min.) :   |b Col(PAL) 
490 0 |a Jane Fonda :workout 
650 0 0 |a Aerobics 
999 |a 00099   |b VIDEO   |c KOLEKSI AUDIO VIDEO   |e PERPUSTAKAAN KOMUNITI PETALING JAYA